00384 a2200109 4500001001000000005001700010008004100027245006600068100002100134773010200155999001700257ART_2597120260410161935.0260409a 10aPerspectivas del sindicalismo en las economías globalizadas1 aMontuschi, Luisa0 tAnales de la Academia Nacional de Ciencias Económicasg- Vol. XLV, (2000) (ene. 2001)wREV25596 c28967d28967